Francisco Suarez S.I. Situación espiritual, vida y obra, metafísica
Salvato in:
| Autore principale: | |
|---|---|
| Natura: | Libro |
| Lingua: | spagnolo |
| Pubblicazione: |
Granada
Universidad de Granada
1946
|
| Soggetti: | |
| Tags: |
Aggiungi Tag
Nessun Tag, puoi essere il primo ad aggiungerne!!
|
MARC
| LEADER | 00000nam a2200000 a 4500 | ||
|---|---|---|---|
| 001 | UCS8394 | ||
| 003 | CL-VaPUC | ||
| 008 | 971031e19460000SP |||||||||||||||||spa|d | ||
| 082 | 0 | 4 | |a 111 |b GOM |2 21 |
| 100 | |a Gómez Arboleya, Enrique |e author |9 395697 | ||
| 245 | 1 | 0 | |a Francisco Suarez S.I. Situación espiritual, vida y obra, metafísica |
| 300 | |a 471 p | ||
| 942 | |c BK | ||
| 945 | |d 19971031 00:00:00 |a aolguin | ||
| 260 | |a Granada |b Universidad de Granada |c 1946 | ||
| 600 | 0 | |a Suárez, Francisco, |c S.I. |9 255840 | |
| 650 | 0 | |a Ontología |9 256850 | |
| 650 | 0 | |a Metafísica |9 265649 | |
| 650 | 7 | |a SER |2 CL-VaPUC |9 320176 | |
| 650 | 0 | |a Dios |9 266622 | |
| 650 | 0 | |a Teología natural |9 266548 | |
| 650 | 0 | |a Teodicea |9 315235 | |
| 650 | 0 | |a Existencia de Dios |9 266954 | |
| 650 | 0 | |a Infinito |9 312136 | |
| 650 | 0 | |a Creencia |9 334586 | |
| 650 | 0 | |a Causa |9 328431 | |
| 650 | 0 | |a Vida espiritual |9 307811 | |
| 650 | 0 | |a Biografías |9 255210 | |
| 650 | 0 | |a Pensamiento filosófico |9 392662 | |
| 583 | |a last modification |c 19971031 00:00:00 |k Rodrigo Vera | ||
| 999 | |c 262823 |d 262821 | ||
| 952 | |0 0 |1 0 |4 0 |6 111_000000000000000_GOM_1946 |7 0 |8 DER_TF |9 291723 |a BIBDER |b BIBDER |d 2019-11-19 |i 189773K |o 111 GOM 1946 |p 189773K |r 2023-01-25 |w 2019-11-19 |x Ubicación 4to Piso |y BK |z Estos recursos deben solicitarse con anticipación |k DER | ||